000 00591nam a2200169 i 4500
001 102856
003 ES-MaACL
005 20230906183212.0
007 t|
008 931025m18511852sp a ||||1| spa d
100 1 _aEspoz y Mina, Francisco.
_947944
245 1 0 _aMemorias del general don Francisco Espoz y Mina /
_cescritas por él mismo ; publícalas su viuda, Juana María de Vega, condesa de Espoz y Mina.
260 _aMadrid :
_b[s.n.],
_c1851-1852 (
_fImp. M. Rivadeneyra)
300 _a5 v. ;
_c23 cm.
600 1 4 _aEspoz y Mina, Francisco.
_947944
852 _aES-MaACL
_jD-2254-58
999 _c102856
_d102856